[Event "EWIBCC 2019"]
[Site "Monte-Carlo"]
[Date "2019.11.29"]
[Round "5.10"]
[White "Worek, Joanna"]
[Black "Bulmaga, Irina"]
[Result "0-1"]
[WhiteElo "2316"]
[BlackElo "2435"]
[Annotator "NA"]
[PlyCount "44"]
[EventDate "2019.11.29"]
[EventType "swiss"]
[EventCountry "MNC"]
[SourceTitle "playchess.com"]
[Source "ChessBase"]
[SourceQuality "1"]
[TimeControl "180+2"]

1. e4 {[%emt 0:00:00]} e5 {[%emt 0:00:00]} 2. Nf3 {[%emt 0:00:00]} Nc6 {[%emt 0:00:01]} 3. d4 {[%emt 0:00:01]} exd4 {[%emt 0:00:01]} 4. Nxd4 {[%emt 0:00:01]} Nf6 {[%emt 0:00:01]} 5. Nxc6 {[%emt 0:00:08]} bxc6 {[%emt 0:00:02]} 6. Qe2 {[%emt 0:00:03]} Bc5 {[%emt 0:00:08]} 7. Nc3 {[%emt 0:00:08]} O-O {[%emt 0:00:12]} 8. Bg5 {[%emt 0:00:02]} h6 {[%emt 0:00:04]} 9. Bh4 {[%emt 0:00:02]} Re8 {[%emt 0:00:10]} 10. O-O-O {[%emt 0:00:03]} d6 {[%emt 0:00:15]} 11. f3 {[%emt 0:00:16]} a5 {[%emt 0:00:05]} 12. g4 {[%emt 0:00:05]} Rb8 {[%emt 0:00:19]} 13. Kb1 {[%emt 0:00:41]} Qe7 {[%emt 0:00:17]} 14. Bg3 {[%emt 0:00:28]} Nd7 {[%emt 0:00:17]} 15. h4 {[%emt 0:00:01]} Ne5 {[%emt 0:00:02]} 16. g5 {[%emt 0:00:04]} h5 {[%emt 0:00:04]} 17. Na4 {[%emt 0:00:42]} Bb4 {[%emt 0:00:35]} 18. Qe3 {[%emt 0:00:18]} c5 {[%emt 0:00:19]} 19. Bxe5 {[%emt 0:00:04]} Qxe5 {[%emt 0:00:11]} 20. Rd5 {[%emt 0:00:02]} Qxd5 {[%emt 0:00:03]} 21. Bd3 {[%emt 0:00:14]} Qd4 {[%emt 0:00:04]} 22. Qf4 {[%emt 0:00:03]} Ba3 {[%emt 0:00:08]} 0-1

[Event "EWIBCC 2019"]
[Site "Monte-Carlo"]
[Date "2019.11.29"]
[Round "5.11"]
[White "Babiy, Olga"]
[Black "Mkrtchian, Lilit"]
[Result "1-0"]
[WhiteElo "2249"]
[BlackElo "2402"]
[Annotator "NA"]
[PlyCount "24"]
[EventDate "2019.11.29"]
[EventType "swiss"]
[EventCountry "MNC"]
[SourceTitle "playchess.com"]
[Source "ChessBase"]
[SourceQuality "1"]
[TimeControl "180+2"]

1. e4 {[%emt 0:00:00]} e6 {[%emt 0:00:00]} 2. d4 {[%emt 0:00:00]} d5 {[%emt 0:00:00]} 3. Nc3 {[%emt 0:00:00]} Bb4 {[%emt 0:00:02]} 4. e5 {[%emt 0:00:02]} c5 {[%emt 0:00:03]} 5. Bd2 {[%emt 0:00:03]} Nh6 {[%emt 0:00:02]} 6. dxc5 {[%emt 0:00:15]} Bxc5 {[%emt 0:00:16]} 7. Bd3 {[%emt 0:00:10]} Nc6 {[%emt 0:00:10]} 8. f4 {[%emt 0:00:02]} a6 {[%emt 0:00:56]} 9. Nf3 {[%emt 0:00:04]} Ng4 {[%emt 0:00:04]} 10. Qe2 {[%emt 0:00:24]} Nf2 {[%emt 0:00:12]} 11. Rf1 {[%emt 0:00:03]} Nxd3+ {[%emt 0:00:02]} 12. cxd3 {[%emt 0:00:17]} Bd7 {[%emt 0:00:04]} 1-0

[Event "EWIBCC 2019"]
[Site "Monte-Carlo"]
[Date "2019.11.29"]
[Round "5.12"]
[White "Kazarian, Anna-Maja"]
[Black "Reizniece-Ozola, Dana"]
[Result "1-0"]
[WhiteElo "2109"]
[BlackElo "2305"]
[Annotator "NA"]
[PlyCount "83"]
[EventDate "2019.11.29"]
[EventType "swiss"]
[EventCountry "MNC"]
[SourceTitle "playchess.com"]
[Source "ChessBase"]
[SourceQuality "1"]
[TimeControl "180+2"]

1. Nf3 {[%emt 0:00:00]} Nf6 {[%emt 0:00:00]} 2. c4 {[%emt 0:00:00]} g6 {[%emt 0:00:00]} 3. Nc3 {[%emt 0:00:01]} Bg7 {[%emt 0:00:00]} 4. e4 {[%emt 0:00:01]} d6 {[%emt 0:00:01]} 5. d4 {[%emt 0:00:01]} O-O {[%emt 0:00:01]} 6. Be2 {[%emt 0:00:01]} e5 {[%emt 0:00:01]} 7. O-O {[%emt 0:00:02]} Nc6 {[%emt 0:00:01]} 8. d5 {[%emt 0:00:01]} Ne7 {[%emt 0:00:01]} 9. Ne1 {[%emt 0:00:19]} Nd7 {[%emt 0:00:03]} 10. Be3 {[%emt 0:00:03]} f5 {[%emt 0:00:01]} 11. f3 {[%emt 0:00:01]} Kh8 {[%emt 0:00:13]} 12. b4 {[%emt 0:00:08]} a5 {[%emt 0:00:10]} 13. a3 {[%emt 0:00:03]} b6 {[%emt 0:00:05]} 14. Nd3 {[%emt 0:00:17]} axb4 {[%emt 0:00:25]} 15. axb4 {[%emt 0:00:02]} Rxa1 {[%emt 0:00:01]} 16. Qxa1 {[%emt 0:00:01]} Ng8 {[%emt 0:00:07]} 17. Nb5 {[%emt 0:00:14]} fxe4 {[%emt 0:00:20]} 18. fxe4 {[%emt 0:00:01]} Rxf1+ {[%emt 0:00:04]} 19. Bxf1 {[%emt 0:00:07]} Ndf6 {[%emt 0:00:02]} 20. Nf2 {[%emt 0:00:04]} Bh6 {[%emt 0:00:07]} 21. Bxh6 {[%emt 0:00:09]} Nxh6 {[%emt 0:00:01]} 22. Qa7 {[%emt 0:00:01]} Ne8 {[%emt 0:00:01]} 23. Qb8 {[%emt 0:00:03]} Nf7 {[%emt 0:00:07]} 24. Nd3 {[%emt 0:00:30]} Bd7 {[%emt 0:00:08]} 25. Qxd8 {[%emt 0:00:11]} Nxd8 {[%emt 0:00:01]} 26. Nc3 {[%emt 0:00:02]} Nf6 {[%emt 0:00:08]} 27. c5 {[%emt 0:00:04]} bxc5 {[%emt 0:00:01]} 28. bxc5 {[%emt 0:00:00]} Kg7 {[%emt 0:00:12]} 29. c6 {[%emt 0:00:05]} Bc8 {[%emt 0:00:04]} 30. Nb4 {[%emt 0:00:01]} Kf7 {[%emt 0:00:13]} 31. Ba6 {[%emt 0:00:01]} Bg4 {[%emt 0:00:03]} 32. h3 {[%emt 0:00:01]} Bh5 {[%emt 0:00:23]} 33. g4 {[%emt 0:00:01]} Nxg4 {[%emt 0:00:11]} 34. hxg4 {[%emt 0:00:01]} Bxg4 {[%emt 0:00:01]} 35. Bf1 {[%emt 0:00:12]} Ke7 {[%emt 0:00:07]} 36. Nb5 {[%emt 0:00:03]} Nf7 {[%emt 0:00:03]} 37. Nxc7 {[%emt 0:00:03]} Ng5 {[%emt 0:00:01]} 38. Bg2 {[%emt 0:00:09]} h5 {[%emt 0:00:04]} 39. Nb5 {[%emt 0:00:05]} h4 {[%emt 0:00:03]} 40. c7 {[%emt 0:00:16]} Kd7 {[%emt 0:00:03]} 41. Nc6 {[%emt 0:00:05]} Be2 {[%emt 0:00:04]} 42. Nca7 {[%emt 0:00:24]} 1-0

[Event "EWIBCC 2019"]
[Site "Monte-Carlo"]
[Date "2019.11.29"]
[Round "5.13"]
[White "Kosteniuk, Alexandra"]
[Black "Osmak, Iulija"]
[Result "1-0"]
[WhiteElo "2483"]
[BlackElo "2401"]
[Annotator "ChessBase"]
[PlyCount "93"]
[EventDate "2019.11.29"]
[EventType "swiss"]
[EventCountry "MNC"]
[SourceTitle "playchess.com"]
[Source "ChessBase"]
[SourceQuality "1"]
[TimeControl "180+2"]

1. e4 {[%emt 0:00:00]} Nc6 {[%emt 0:00:00]} 2. Nf3 {[%emt 0:00:01]} d6 {[%emt 0:00:00]} 3. d4 {[%emt 0:00:04]} Bg4 {[%emt 0:00:00]} 4. d5 {[%emt 0:00:05]} Nb8 {[%emt 0:00:02]} 5. h3 {[%emt 0:00:02]} Bd7 {[%emt 0:00:03]} 6. c4 {[%emt 0:00:04]} c6 {[%emt 0:00:08]} 7. Nc3 {[%emt 0:00:01]} Nf6 {[%emt 0:00:03]} 8. Bd3 {[%emt 0:00:12]} Na6 {[%emt 0:00:19]} 9. Be3 {[%emt 0:00:01]} e5 {[%emt 0:00:09]} 10. O-O {[%emt 0:00:13]} Be7 {[%emt 0:00:01]} 11. Nd2 {[%emt 0:00:02]} O-O {[%emt 0:00:06]} 12. a3 {[%emt 0:00:01]} cxd5 {[%emt 0:00:13]} 13. exd5 {[%emt 0:00:02]} Ne8 {[%emt 0:00:34]} 14. f4 {[%emt 0:00:08]} exf4 {[%emt 0:00:07]} 15. Bxf4 {[%emt 0:00:42]} Qb6+ {[%emt 0:00:01]} 16. Rf2 {[%emt 0:00:09]} Bf6 {[%emt 0:00:12]} 17. Kf1 {[%emt 0:00:26]} Bd4 {[%emt 0:00:14]} 18. Re2 {[%emt 0:00:02]} Nc5 {[%emt 0:00:16]} 19. Nf3 {[%emt 0:00:02]} Bxc3 {[%emt 0:00:12]} 20. bxc3 {[%emt 0:00:01]} Nxd3 {[%emt 0:00:01]} 21. Qxd3 {[%emt 0:00:01]} g6 {[%emt 0:00:09]} 22. Nd4 {[%emt 0:00:03]} Ng7 {[%emt 0:00:03]} 23. Rb1 {[%emt 0:00:15]} Qc7 {[%emt 0:00:01]} 24. Re7 {[%emt 0:00:01]} Rac8 {[%emt 0:00:30]} 25. Nb5 {[%emt 0:00:07]} Qd8 {[%emt 0:00:03]} 26. Rbe1 {[%emt 0:00:19]} Nf5 {[%emt 0:00:03]} 27. R7e4 {[%emt 0:00:07]} Bxb5 28. cxb5 {[%emt 0:00:01]} Qa5 {[%emt 0:00:04]} 29. c4 {[%emt 0:00:00]} Qc7 {[%emt 0:00:03]} 30. g4 {[%emt 0:00:02]} Ng7 {[%emt 0:00:03]} 31. Bh6 {[%emt 0:00:01]} Rfe8 {[%emt 0:00:03]} 32. Qd4 {[%emt 0:00:03]} Re5 {[%emt 0:00:08]} 33. Rxe5 {[%emt 0:00:03]} dxe5 {[%emt 0:00:01]} 34. Rxe5 {[%emt 0:00:01]} Qxc4+ {[%emt 0:00:02]} 35. Qxc4 {[%emt 0:00:01]} Rxc4 {[%emt 0:00:01]} 36. Re7 {[%emt 0:00:01]} Rd4 {[%emt 0:00:11]} 37. Rxb7 {[%emt 0:00:01]} Ne8 {[%emt 0:00:02]} 38. Rb8 {[%emt 0:00:02]} f6 {[%emt 0:00:02]} 39. Rxe8+ {[%emt 0:00:01]} Kf7 {[%emt 0:00:01]} 40. Ra8 {[%emt 0:00:07]} g5 {[%emt 0:00:00]} 41. Rxa7+ {[%emt 0:00:03]} Kg6 {[%emt 0:00:01]} 42. Bf8 {[%emt 0:00:01]} Rxd5 {[%emt 0:00:01]} 43. b6 {[%emt 0:00:03]} Rb5 {[%emt 0:00:01]} 44. b7 {[%emt 0:00:00]} h5 {[%emt 0:00:02]} 45. Bd6 {[%emt 0:00:05]} hxg4 {[%emt 0:00:02]} 46. hxg4 {[%emt 0:00:01]} f5 {[%emt 0:00:01]} 47. b8=Q {[%emt 0:00:02]} 1-0

[Event "EWIBCC 2019"]
[Site "Monte-Carlo"]
[Date "2019.11.29"]
[Round "5.14"]
[White "Rogule, Laura"]
[Black "Dzagnidze, Nana"]
[Result "0-1"]
[WhiteElo "2293"]
[BlackElo "2502"]
[Annotator "ChessBase"]
[PlyCount "88"]
[EventDate "2019.11.29"]
[EventType "swiss"]
[EventCountry "MNC"]
[SourceTitle "playchess.com"]
[Source "ChessBase"]
[SourceQuality "1"]
[TimeControl "180+2"]

1. c4 {[%emt 0:00:00]} c5 {[%emt 0:00:01]} 2. Nc3 {[%emt 0:00:00]} Nc6 {[%emt 0:00:02]} 3. g3 {[%emt 0:00:01]} g6 {[%emt 0:00:04]} 4. Bg2 {[%emt 0:00:01]} Bg7 {[%emt 0:00:01]} 5. e4 {[%emt 0:00:02]} d6 {[%emt 0:00:03]} 6. Nge2 {[%emt 0:00:01]} Bd7 {[%emt 0:00:24]} 7. d3 {[%emt 0:00:10]} Qc8 {[%emt 0:00:13]} 8. h3 {[%emt 0:00:09]} Nf6 {[%emt 0:00:03]} 9. Be3 {[%emt 0:00:04]} O-O {[%emt 0:00:03]} 10. g4 {[%emt 0:00:20]} Ne8 {[%emt 0:00:23]} 11. Ng3 {[%emt 0:00:21]} Nd4 {[%emt 0:00:11]} 12. Nd5 {[%emt 0:00:29]} Qd8 {[%emt 0:00:01]} 13. Qd2 {[%emt 0:00:04]} Nc7 {[%emt 0:00:02]} 14. O-O {[%emt 0:00:10]} e6 {[%emt 0:00:27]} 15. Nxc7 {[%emt 0:00:25]} Qxc7 {[%emt 0:00:01]} 16. Bh6 {[%emt 0:00:13]} Bc6 {[%emt 0:00:01]} 17. Bxg7 {[%emt 0:00:02]} Kxg7 {[%emt 0:00:01]} 18. Nh5+ {[%emt 0:00:25]} Kh8 {[%emt 0:00:49]} 19. Qh6 {[%emt 0:00:17]} f5 {[%emt 0:00:06]} 20. Nf4 {[%emt 0:00:10]} Qg7 {[%emt 0:00:12]} 21. Qxg7+ {[%emt 0:00:02]} Kxg7 {[%emt 0:00:01]} 22. exf5 {[%emt 0:00:04]} Bxg2 {[%emt 0:00:10]} 23. Kxg2 {[%emt 0:00:02]} gxf5 {[%emt 0:00:02]} 24. g5 {[%emt 0:00:06]} Rae8 {[%emt 0:00:03]} 25. Rfe1 {[%emt 0:00:02]} e5 {[%emt 0:00:03]} 26. Nh5+ {[%emt 0:00:02]} Kg6 {[%emt 0:00:02]} 27. Nf6 {[%emt 0:00:01]} Re6 {[%emt 0:00:02]} 28. h4 {[%emt 0:00:03]} h6 {[%emt 0:00:03]} 29. f4 {[%emt 0:00:03]} exf4 {[%emt 0:00:10]} 30. Rxe6 {[%emt 0:00:01]} Nxe6 {[%emt 0:00:01]} 31. Re1 {[%emt 0:00:01]} Nd4 {[%emt 0:00:09]} 32. Re7 {[%emt 0:00:02]} hxg5 {[%emt 0:00:02]} 33. hxg5 {[%emt 0:00:01]} Rh8 {[%emt 0:00:04]} 34. Nd5 {[%emt 0:00:02]} f3+ {[%emt 0:00:03]} 35. Kg3 {[%emt 0:00:03]} Kxg5 {[%emt 0:00:01]} 36. Rg7+ {[%emt 0:00:01]} Kh6 {[%emt 0:00:01]} 37. Rxb7 {[%emt 0:00:02]} Rg8+ {[%emt 0:00:01]} 38. Kf2 {[%emt 0:00:03]} Rg2+ {[%emt 0:00:01]} 39. Kf1 {[%emt 0:00:01]} Rd2 {[%emt 0:00:04]} 40. Nf4 {[%emt 0:00:03]} Kg5 {[%emt 0:00:03]} 41. Nh3+ {[%emt 0:00:02]} Kg4 {[%emt 0:00:08]} 42. Nf2+ {[%emt 0:00:04]} Kf4 {[%emt 0:00:00]} 43. Rxa7 {[%emt 0:00:11]} Rxb2 {[%emt 0:00:00]} 44. Nh3+ {[%emt 0:00:00]} Kg3 {[%emt 0:00:00]} 0-1

[Event "EWIBCC 2019"]
[Site "Monte-Carlo"]
[Date "2019.11.29"]
[Round "5.15"]
[White "Muzychuk, Mariya"]
[Black "Terbe, Julianna"]
[Result "1-0"]
[WhiteElo "2552"]
[BlackElo "2287"]
[Annotator "ChessBase"]
[PlyCount "85"]
[EventDate "2019.11.29"]
[EventType "swiss"]
[EventCountry "MNC"]
[SourceTitle "playchess.com"]
[Source "ChessBase"]
[SourceQuality "1"]
[TimeControl "180+2"]

1. e4 {[%emt 0:00:00]} c5 {[%emt 0:00:00]} 2. Nf3 {[%emt 0:00:00]} Nc6 {[%emt 0:00:00]} 3. Bb5 {[%emt 0:00:01]} Qc7 {[%emt 0:00:01]} 4. O-O {[%emt 0:00:07]} a6 {[%emt 0:00:00]} 5. Bxc6 {[%emt 0:00:02]} dxc6 {[%emt 0:00:02]} 6. h3 {[%emt 0:00:12]} e5 {[%emt 0:00:01]} 7. d3 {[%emt 0:00:02]} Ne7 {[%emt 0:00:01]} 8. a4 {[%emt 0:00:03]} a5 {[%emt 0:00:01]} 9. Na3 {[%emt 0:00:03]} Ng6 {[%emt 0:00:02]} 10. Be3 {[%emt 0:00:05]} Be7 {[%emt 0:00:09]} 11. Qd2 {[%emt 0:00:06]} f6 {[%emt 0:00:06]} 12. Nc4 {[%emt 0:00:06]} Be6 {[%emt 0:00:04]} 13. b3 {[%emt 0:00:06]} O-O {[%emt 0:00:03]} 14. Qc3 {[%emt 0:00:11]} b6 {[%emt 0:00:07]} 15. Nh2 {[%emt 0:00:17]} Bd8 {[%emt 0:00:16]} 16. Qd2 {[%emt 0:00:04]} Qd7 {[%emt 0:00:18]} 17. c3 {[%emt 0:00:22]} Bc7 {[%emt 0:00:01]} 18. Rad1 {[%emt 0:00:08]} Rad8 {[%emt 0:00:02]} 19. Qe2 {[%emt 0:00:06]} Qc8 {[%emt 0:00:22]} 20. Nf3 {[%emt 0:00:22]} Rf7 {[%emt 0:00:40]} 21. Rd2 {[%emt 0:00:13]} Ne7 {[%emt 0:00:29]} 22. Rb1 {[%emt 0:00:11]} g5 {[%emt 0:00:17]} 23. d4 {[%emt 0:00:22]} cxd4 {[%emt 0:00:15]} 24. cxd4 {[%emt 0:00:01]} g4 {[%emt 0:00:07]} 25. hxg4 {[%emt 0:00:08]} Bxg4 {[%emt 0:00:00]} 26. Rbd1 {[%emt 0:00:15]} Rg7 {[%emt 0:00:05]} 27. dxe5 {[%emt 0:00:10]} Rxd2 {[%emt 0:00:02]} 28. Rxd2 {[%emt 0:00:00]} fxe5 {[%emt 0:00:01]} 29. Bxb6 {[%emt 0:00:05]} Bxb6 {[%emt 0:00:04]} 30. Nxb6 {[%emt 0:00:01]} Qf8 {[%emt 0:00:01]} 31. Rd3 {[%emt 0:00:02]} Bh3 {[%emt 0:00:08]} 32. Nh4 {[%emt 0:00:01]} Bg4 {[%emt 0:00:04]} 33. Qe3 {[%emt 0:00:03]} Qf6 {[%emt 0:00:02]} 34. Rd8+ {[%emt 0:00:04]} Kf7 {[%emt 0:00:01]} 35. Nf5 {[%emt 0:00:03]} Bxf5 {[%emt 0:00:04]} 36. exf5 {[%emt 0:00:01]} Qxf5 {[%emt 0:00:02]} 37. Nc4 {[%emt 0:00:04]} Qb1+ {[%emt 0:00:12]} 38. Kh2 {[%emt 0:00:01]} Ng6 {[%emt 0:00:06]} 39. Nxe5+ {[%emt 0:00:01]} Nxe5 {[%emt 0:00:00]} 40. Qxe5 {[%emt 0:00:01]} Qg6 {[%emt 0:00:00]} 41. Rd7+ {[%emt 0:00:01]} Kf8 {[%emt 0:00:02]} 42. Qb8+ {[%emt 0:00:02]} Qe8 {[%emt 0:00:02]} 43. Qxe8+ {[%emt 0:00:01]} 1-0

[Event "EWIBCC 2019"]
[Site "Monte-Carlo"]
[Date "2019.11.29"]
[Round "5.16"]
[White "Antova, Gabriela"]
[Black "Girya, Olga"]
[Result "0-1"]
[WhiteElo "2306"]
[BlackElo "2476"]
[Annotator "TA"]
[PlyCount "112"]
[EventDate "2019.11.29"]
[EventType "swiss"]
[EventCountry "MNC"]
[SourceTitle "playchess.com"]
[Source "ChessBase"]
[SourceQuality "1"]

{[%evp 14,112,24,50,17,23,23,16,8,15,114,-37,16,18,6,11,19,-30,-27,-26,-23,-26,-41,-85,-64,-66,-66,-308,-317,-366,0,-401,-111,-109,0,0,0,0,0,0,0,-25,-19,-12,-23,-23,-18,-62,-20,-32,-40,-43,-33,-43,-35,-31,-14,-54,-53,-44,-52,-50,-55,-158,-150,-140,-102,-164,-124,-163,-163,-483,-465,-959,-925,-1106,-957,-1268,0,0,0,-827,-744,-12845,-12846,-12846,-12846,-12847,-12847,-12849,-12849,-12850,-12849,-12850,-12850,-12850,-29988,-12851,-27999,-12851,-27999]} 1. d4 d5 2. c4 c6 3. Nf3 Nf6 4. Nc3 e6 5. e3 Nbd7 6. Qc2 Bd6 7. g4 Bb4 8. Bd2 Bxc3 {D45: Semi-Slav: 5 e3} (8... b6 9. cxd5 cxd5 10. Nb5 Bxd2+ 11. Nxd2 O-O 12. g5 Ne8 13. f4 Ba6 14. Nf3 Rc8 15. Qa4 Bxb5 16. Bxb5 Rc7 17. Kd2 Nd6 18. Rac1 Nb8 19. Rxc7 Qxc7 20. Rc1 Ne4+ 21. Kd1 Nf2+ 22. Kd2 Ne4+ {½-½ (22) Svidler,P (2739)-Smeets,J (2632) Amsterdam 2009}) 9. Bxc3 Ne4 10. Bd3 Nxc3 {The position is equal.} 11. Qxc3 b6 $146 (11... dxc4 $11 12. Qxc4 (12. Bxc4 b6 $14) 12... e5) ({Predecessor:} 11... dxc4 12. Qxc4 b5 13. Qxc6 Rb8 14. Qd6 Rb6 15. Qf4 O-O 16. Rg1 {0-1 (28) Zhao,X (2449)-Skatchkov,P (2493) Moscow 2004}) 12. e4 $2 (12. cxd5 $16 cxd5 13. O-O) 12... dxe4 (12... Qf6 $15 13. Ke2 dxc4 14. Qxc4 Bb7) 13. Bxe4 $11 Bb7 14. O-O-O Qc7 15. Qe3 Nf6 16. Rhg1 Nxe4 17. Qxe4 c5 18. Qe3 cxd4 19. Rxd4 O-O 20. Ne5 $2 {[#]} (20. b3 $15) 20... f6 $1 $19 {[%cal Rf6e5]} 21. Nd7 Rfe8 $2 ({And not} 21... Qxh2 22. f4 $11 (22. Qxe6+ Kh8 $15)) (21... e5 $19 22. Rd2 Rf7) 22. Rgd1 $2 {[%mdl 8192]} (22. g5 $1 $11 e5 23. Nxf6+ gxf6 24. gxf6+ Kh8 25. Rg7 exd4 {[%mdl 64] [#] Discovered Attack} 26. Qxe8+ $1 {[%mdl 512]} Rxe8 27. Rxc7) 22... Bc6 $2 (22... e5 $19 23. R4d2 Qxc4+ {[%mdl 64] Double Attack} 24. Kb1 Qxg4) 23. g5 $17 Bxd7 ({Black should try} 23... e5 $17 24. Rd6 Rad8) 24. Rxd7 $11 Qxc4+ {[%mdl 64] Double Attack} 25. Kb1 $1 {Strongly threatening gxf6.} Qg4 26. gxf6 Qf5+ 27. Qd3 Qxf6 28. a3 Qf5 29. Qxf5 exf5 {[%mdl 4096] Endgame KRR-KRR} 30. R1d5 Rf8 31. Rc7 {Black must now prevent Rdd7!} Rf7 32. Rxf7 Kxf7 33. Rxf5+ $15 {KR-KR} Ke6 34. Rf3 Rd8 35. Kc2 Rd5 36. Rg3 g6 37. Re3+ Kf6 38. Kc3 (38. Re8 $1 $15) 38... Rf5 $17 39. Re2 Rf3+ 40. Kd4 (40. Kc4 $17) 40... Rh3 41. Kd5 Rxh2 42. Kc6 $2 (42. Ke4 {is a better chance.}) 42... h5 $19 43. Kb7 (43. Kd5 $142 Kf5 44. Re7) 43... h4 44. Kxa7 h3 45. Kxb6 Rh1 $2 (45... Rg2 $19 46. Re1 h2) 46. Re3 $11 g5 {Threatens to win with ...Kf5.} 47. Re8 $2 {[%mdl 8192]} (47. Rg3 $11) 47... Rb1 $19 48. b4 h2 49. Rf8+ Ke7 50. Rh8 h1=Q 51. Rxh1 Rxh1 {KR-K3P} 52. a4 Kd6 53. a5 Rf1 54. a6 Rxf2 55. a7 Ra2 {( -> ...g4)} 56. Kb7 g4 {Accuracy: White = 29%, Black = 59%.} 0-1

[Event "EWIBCC 2019"]
[Site "Monte-Carlo"]
[Date "2019.11.29"]
[Round "5.17"]
[White "Janzelj, Lara"]
[Black "Unuk, Laura"]
[Result "1/2-1/2"]
[WhiteElo "2158"]
[BlackElo "2298"]
[Annotator "NA"]
[PlyCount "78"]
[EventDate "2019.11.29"]
[EventType "swiss"]
[EventCountry "MNC"]
[SourceTitle "playchess.com"]
[Source "ChessBase"]
[SourceQuality "1"]
[TimeControl "180+2"]

1. d4 {[%emt 0:00:00]} e6 {[%emt 0:00:00]} 2. c4 {[%emt 0:00:01]} Nf6 {[%emt 0:00:00]} 3. Nf3 {[%emt 0:00:01]} b6 {[%emt 0:00:01]} 4. a3 Bb7 {[%emt 0:00:01]} 5. Nc3 {[%emt 0:00:02]} d5 {[%emt 0:00:03]} 6. cxd5 {[%emt 0:00:01]} Nxd5 {[%emt 0:00:01]} 7. Qc2 {[%emt 0:00:01]} Nxc3 {[%emt 0:00:02]} 8. bxc3 {[%emt 0:00:02]} c5 {[%emt 0:00:01]} 9. e4 {[%emt 0:00:06]} Qc7 {[%emt 0:00:03]} 10. Bb5+ {[%emt 0:00:06]} Bc6 {[%emt 0:00:04]} 11. Bxc6+ {[%emt 0:00:02]} Nxc6 {[%emt 0:00:05]} 12. O-O {[%emt 0:00:02]} Rc8 {[%emt 0:00:24]} 13. d5 {[%emt 0:00:01]} Ne5 {[%emt 0:00:09]} 14. Nxe5 {[%emt 0:00:08]} Qxe5 {[%emt 0:00:02]} 15. Qa4+ {[%emt 0:00:03]} Kd8 {[%emt 0:00:10]} 16. Rd1 {[%emt 0:00:23]} Bd6 {[%emt 0:00:06]} 17. dxe6 {[%emt 0:00:21]} Qxh2+ {[%emt 0:00:10]} 18. Kf1 {[%emt 0:00:01]} fxe6 {[%emt 0:00:06]} 19. Bg5+ {[%emt 0:00:02]} Kc7 {[%emt 0:00:11]} 20. Qxa7+ {[%emt 0:00:03]} Kc6 {[%emt 0:00:01]} 21. Qa4+ {[%emt 0:00:16]} Kc7 {[%emt 0:00:07]} 22. e5 {[%emt 0:00:21]} Qxe5 {[%emt 0:00:18]} 23. Rxd6 {[%emt 0:00:09]} Qxd6 {[%emt 0:00:02]} 24. Rd1 {[%emt 0:00:09]} Ra8 {[%emt 0:00:31]} 25. Qg4 {[%emt 0:00:03]} Qc6 {[%emt 0:00:09]} 26. Bf4+ {[%emt 0:00:01]} Kb7 {[%emt 0:00:01]} 27. Qxg7+ {[%emt 0:00:03]} Ka6 {[%emt 0:00:01]} 28. Qg3 {[%emt 0:00:29]} Rhg8 {[%emt 0:00:02]} 29. Qd3+ {[%emt 0:00:01]} c4 {[%emt 0:00:02]} 30. Qc2 {[%emt 0:00:13]} Qxg2+ {[%emt 0:00:02]} 31. Ke2 {[%emt 0:00:01]} Qg4+ {[%emt 0:00:03]} 32. Ke3 {[%emt 0:00:11]} Qh3+ {[%emt 0:00:23]} 33. f3 {[%emt 0:00:04]} Qf5 {[%emt 0:00:01]} 34. Qa4+ {[%emt 0:00:01]} Qa5 {[%emt 0:00:02]} 35. Qxc4+ {[%emt 0:00:01]} Qb5 {[%emt 0:00:00]} 36. Qa2 {[%emt 0:00:20]} Rac8 {[%emt 0:00:02]} 37. Rd3 {[%emt 0:00:11]} Qc5+ {[%emt 0:00:07]} 38. Ke4 {[%emt 0:00:04]} Qf5+ {[%emt 0:00:19]} 39. Ke3 {[%emt 0:00:00]} e5 {[%emt 0:00:01]} 1/2-1/2

[Event "EWIBCC 2019"]
[Site "Monte-Carlo"]
[Date "2019.11.29"]
[Round "5.18"]
[White "Skuhala, Barbara"]
[Black "Novkovic, Julia"]
[Result "0-1"]
[WhiteElo "2109"]
[BlackElo "2161"]
[Annotator "ChessBase"]
[PlyCount "92"]
[EventDate "2019.11.29"]
[EventType "swiss"]
[EventCountry "MNC"]
[SourceTitle "playchess.com"]
[Source "ChessBase"]
[SourceQuality "1"]
[TimeControl "180+2"]

1. e4 {[%emt 0:00:00]} e5 {[%emt 0:00:00]} 2. Nf3 {[%emt 0:00:00]} Nc6 {[%emt 0:00:00]} 3. Bc4 {[%emt 0:00:02]} Nf6 {[%emt 0:00:01]} 4. d3 {[%emt 0:00:09]} Be7 {[%emt 0:00:02]} 5. O-O {[%emt 0:02:59]} d6 6. h3 {[%emt 0:00:00]} Na5 {[%emt 0:00:01]} 7. Bb3 {[%emt 0:00:00]} O-O {[%emt 0:00:02]} 8. c3 {[%emt 0:00:00]} Nxb3 {[%emt 0:00:02]} 9. axb3 {[%emt 0:00:00]} a6 {[%emt 0:00:13]} 10. Re1 {[%emt 0:00:00]} Re8 {[%emt 0:00:01]} 11. Nbd2 {[%emt 0:00:00]} h6 {[%emt 0:00:26]} 12. Nf1 {[%emt 0:00:14]} Bf8 13. Ng3 {[%emt 0:00:00]} g6 {[%emt 0:00:01]} 14. d4 {[%emt 0:00:00]} exd4 {[%emt 0:00:24]} 15. cxd4 {[%emt 0:00:00]} Bg7 {[%emt 0:00:10]} 16. Qd3 {[%emt 0:00:00]} Bd7 {[%emt 0:00:16]} 17. Bf4 {[%emt 0:00:00]} Bc6 {[%emt 0:00:03]} 18. d5 {[%emt 0:00:00]} Bb5 {[%emt 0:00:01]} 19. Qd2 {[%emt 0:00:00]} Nd7 {[%emt 0:00:07]} 20. Bxh6 {[%emt 0:00:00]} Bxh6 {[%emt 0:00:24]} 21. Qxh6 {[%emt 0:00:00]} Qf6 {[%emt 0:01:28]} 22. Rac1 {[%emt 0:00:00]} Nc5 {[%emt 0:00:00]} 23. Rc3 {[%emt 0:00:00]} a5 {[%emt 0:00:00]} 24. h4 {[%emt 0:00:00]} Qg7 {[%emt 0:00:00]} 25. Qd2 {[%emt 0:00:00]} Re7 {[%emt 0:00:00]} 26. h5 {[%emt 0:00:00]} Rae8 {[%emt 0:00:00]} 27. hxg6 {[%emt 0:00:00]} fxg6 {[%emt 0:00:00]} 28. e5 {[%emt 0:00:00]} b6 {[%emt 0:00:00]} 29. e6 {[%emt 0:00:00]} Na6 {[%emt 0:00:00]} 30. Qg5 {[%emt 0:00:00]} Nb4 {[%emt 0:00:00]} 31. Rd1 {[%emt 0:00:00]} Rf8 {[%emt 0:00:00]} 32. Nh4 {[%emt 0:00:00]} Rf6 {[%emt 0:00:00]} 33. Rf3 {[%emt 0:00:00]} Rxf3 {[%emt 0:00:00]} 34. gxf3 {[%emt 0:00:00]} Kh7 {[%emt 0:00:00]} 35. Kg2 {[%emt 0:00:00]} Be2 {[%emt 0:00:01]} 36. Rh1 {[%emt 0:00:00]} Kg8 {[%emt 0:00:04]} 37. Nxg6 {[%emt 0:00:00]} Re8 {[%emt 0:00:06]} 38. Rh8+ {[%emt 0:00:00]} Qxh8 {[%emt 0:00:02]} 39. Nxh8+ {[%emt 0:00:00]} Kxh8 {[%emt 0:00:00]} 40. Nf5 {[%emt 0:00:00]} Rg8 {[%emt 0:00:01]} 41. Qxg8+ Kxg8 {[%emt 0:00:01]} 42. Ne3 {[%emt 0:00:36]} Bb5 {[%emt 0:00:04]} 43. f4 {[%emt 0:00:01]} Kg7 {[%emt 0:00:01]} 44. f5 {[%emt 0:00:01]} Kf6 {[%emt 0:00:02]} 45. Ng4+ {[%emt 0:00:01]} Kxf5 {[%emt 0:00:02]} 46. Ne3+ {[%emt 0:00:02]} Ke4 {[%emt 0:00:02]} 0-1